Quizzes
Events
Quiz Creation
Community
Videos
Private Events
Remove Ads
Sign In
Join for FREE
Feedback
Dark Mode
Quiz Categories
Sports
Geography
Music
Movies
Television
Just For Fun
Miscellaneous
History
Literature
Language
Science
Gaming
Entertainment
Religion
Holiday
For Kids
Quiz Lab
Recent
Popular Today
Quiz Kudos Today
Editor Picks
Curator Picks
Quizzes by...
Day
Popularity
Type
Ratings
Length
Year
Community
Subscriptions
Recent Discussions
Orange Saloon
Badges
Playlists
Quests
Create
Leaderboards
Showdown
Live 5
Trivia Bingo
Activity
Puzzle Library
Sporcle Events
Private Events
Virtual Trivia
Globe League
Become a Host
Pub Owners
SporcleCon
Opinionation
Our Games
Videos
Blog
Mobile Apps
Partnerships
Remove Ads and Go Orange
Feedback
Gaming
Video Games
Board Games
Card Games
Pokémon
Mario
Nintendo
Minecraft
Console
Toys
Legend of Zelda
Gaming
Video Games
Board Games
Card Games
Pokémon
Mario
Nintendo
Minecraft
Console
Toys
Legend of Zelda
Random Quiz
Search Sporcle
×
Quiz Lab
Quiz Lab
Gaming
Mtg Cards
Select answers by clicking on text or image buttons
Select answers by clicking on text or image buttons
Clickable
Best Score? Go Orange.
Magic: the Gathering No Hint Sorting Gallery Stats
Can you pick the answers to this MtG-themed sorting gallery without any hints?
By
Nigel_W
12m
78 Questions
364 Plays
364 Plays
364 Plays
Comments
Comments
Give Quiz Kudos
Give Quiz Kudos
-
- Ratings
hide this ad
Forced Order
Answers have to be entered in order
Answers have to be entered in order
Replay
Link that replays current quiz
Next Quiz
Link to next quiz in quiz playlist
You Got
0%
They Got
Avg Score
62%
Avg Friend Score
Upgrade to see
Score Distribution
Jump to the score distribution portion of the page
Score
0/78
Timer
12:00
0
Plays Today
% Correct
Attack
79.6%
Begin Combat
77.4%
Draw
76.9%
Untap
76.3%
Block
76.3%
End Combat
75.8%
Cleanup
75.2%
Upkeep
74.9%
Damage
74.7%
Main
74.4%
Main
72.7%
End
72.5%
Badlands
70.5%
Artifact
70.2%
Creature
70%
Ulamog
69.4%
Enchantment
69.1%
Instant
69.1%
Emrakul
69.1%
Kozilek
68.9%
Abzan
68.6%
Tropical Island
68%
Jeskai
67.8%
Bayou
67.5%
Savannah
67.2%
Underground Sea
67.2%
Plateau
66.9%
Land
66.9%
Scrubland
66.4%
Sorcery
65.8%
Planeswalker
65.6%
Mardu
65.6%
Sultai
65.3%
Temur
65%
Dominaria
64.7%
Ravnica
64.5%
Alara
63.9%
Kaladesh
63.4%
Zendikar
63.4%
% Correct
Tundra
63.1%
Taiga
63.1%
Kill! Destroy!
62.5%
Lorwyn
62.3%
Name Dropping
61.2%
Theros
61.2%
Flying
60.9%
Creature Guy
60.1%
Number Crunch
60.1%
Innistrad
59.8%
First Strike
58.7%
Anger
58.1%
Cardpecker
57.9%
Tribal
57.6%
Laughing Hyena
57.3%
Touch and Go
57.3%
Banding
57.3%
Landwalk
57.3%
Glory
56.7%
Trample
56.5%
Valor
55.6%
Stop That
55.1%
Protection
54.8%
Brawn
54.3%
Vryn
53.7%
Kessig
53.2%
Gavony
53.2%
Spell Counter
52.9%
Save Life
52.6%
Nephalia
51.8%
Regatha
51.5%
Wonder
50.7%
Filth
50.4%
Deal Damage
49.3%
Experience
48.2%
Genesis
47.4%
Stensia
47.1%
Brushwagg
46.3%
Poison
44.4%
Quiz Playlist
Details
Report
Send in Message
Add To Playlist
Clickable:
Select answers by clicking on text or image buttons
Forced Order:
Answers have to be entered in order
Last Updated: Feb 16, 2017
Quiz Scoreboard
CHALLENGE
Sign Up to Join the Scoreboard
Show All
Scores
Hide
Comments
May contain spoilers
Recently Published
College Basketball Coaching Resumes
by pancakes188
Sports
9m
Billboard Blitz: Fleetwood Mac
by CooCooCachoo
Music
15s
Presidents Visiting Landmarks
by Hejman
History
7m
More to Explore
Quiz From the Vault
Featured Blog Post
Where Did the Easter Bunny Come From?
hide this ad
You Might Also Like...
Tags
magic
Magic the Gathering
mtg
Mtg Cards
Today's Top Quizzes in Gaming
Browse Gaming
hide this ad
Top Contributed Quizzes in Gaming
1
5-to-1: Consoles
2
7-to-1: Board Game Piece Blitz
3
5-to-1: Legend of Zelda
4
Destiny 2 exotic weapons by perk icons
5
League of Legends Pro Players by Career/Team History
6
Ultimate Genshin Impact Logic Puzzle (up to 4.3)
7
Franchise by Action Figure
8
Who's on the WWE 2K24 Cover?
9
Genshin Impact Logic Puzzle Quiz
10
Overwatch Logic Puzzle
Explore More
Trending Topics
Harry Potter
Kpop
Anime
Crossword
Marvel
NBA
Disney
Puzzle
NFL
Song
Soccer
Country
The Office
WWE
Pokémon
hide this ad
More By:
Nigel_W
Quiz
Plays
Rating
Category
Featured
Created
Magic: the Gathering No Hint Sorting Gallery 2
220
5.00
Gaming
Jun 3, 2016
Two-Letter Roman Numerals
5,133
4.79
Science
May 19, 2016
Which Magic: the Gathering creature type wins?
750
5.00
Gaming
Sep 13, 2014
Magic: the Gathering split card matchup
469
5.00
Gaming
May 6, 2016
Magic: the Gathering No Hint Sorting Gallery
364
4.75
Gaming
Apr 29, 2016
Magic: the Gathering double-faced card matchup
236
4.33
Gaming
Apr 20, 2016
Go to Creator's Profile
Score Distribution
Quiz Creator Spotlight
Nigel_W
Follow
Send a Message
Quizzes Created
-
Created Quiz Play Count
-
More By This Creator
Popular Quizzes Today
1
Find the US States - No Outlines Minefield
2
Find the Countries of Europe - No Outlines Minefield
3
The Countries of the World
4
Find the US States
5
Risky Map Clicking: Biggest States A-Z
6
US States
7
Popular People in 1961
8
Movies - When Are They Set?
More Gaming Quizzes
Crash Team Racing Nitro-Fueled Racers
Quiz Lab
Trending Quizzes
Risky Map Clicking: Least Populous States A-Z
1-10 Letter G Words
1-10 Letter F Words
Risky Map Clicking: Next State Alphabetically
Risky Map Clicking: Biggest States A-Z
Recently Updated
Leaping Animals
pecheneg
Reality TV Shows (A-Z)
bhenderson79
Rickey Henderson's Hall of Fame Teammates
pecheneg
Champions League XIs: Arsenal
pecheneg
Quick Pick: Celebrities in WWE's Hall of Fame
aduchscher
A-Z Keypad Blitz II
pecheneg
Multiple Oscar Actors
pecheneg
Mystery Phrase Blitz: Oscar 'Best Actors'
pecheneg
F. Scott Fitzgerald Novels
LTH
Pick 3 Villains
ddd62291
Trending Topics
Crossword
Anime
Kpop
NBA
Harry Potter
Marvel
Disney
Puzzle
Country
WWE
The Office
Song
NFL
Soccer
Pokémon
Your Account Isn't Verified!
In order to create a playlist on Sporcle, you need to verify the email address you used during registration. Go to your
Sporcle Settings
to finish the process.
Report this User
Report this user for behavior that violates our
Community Guidelines
.
Details:
Send Report
Go to the Sporcle.com Mobile Site →
Comments